01111nam a2200229Ia 4500001000900000003001000009008004100019040002500060041001300085100001200098245005700110250001100167260003300178500015800211501011400369520015800483650002900641942000700670957000600677999004000683952015800723L035-251IT-CnALBA170116s9999||||xx |||||||||||||| ||und|| aIT-CnALBAcIT-CnALBA aITALIANO aAA. VV. 0aVITA MERAVIGLIOSA ENCICLOPEDIA A COLORI VOLL. I-XVI  a1a ed. bEDIZIONI CONFALONIERI'cn.d. aSTRUTTURA DELL'OPERA: ARTE STORIA SCIENZE LEGGENDE SCOPERTE INVENZIONI. ATLANTE GEOGRAFICO. L'ENCICLOPEDIA È STATA TRADOTTA IN DIVERSE LINGUE EUROPEE.  aSocietà San Paolo EM - Piazza San Paolo, 14 - 12051 ALBA (CN) (non commercial uses only) ® Copyright 2017 aSTRUTTURA DELL'OPERA: ARTE STORIA SCIENZE LEGGENDE SCOPERTE INVENZIONI. ATLANTE GEOGRAFICO. L'ENCICLOPEDIA È STATA TRADOTTA IN DIVERSE LINGUE EUROPEE.  aENCICLOPEDIE IN ITALIANO cBK 71 a350bNOg Copie: 1 c259487d259487 0010406L_03525171aALBAbALBAd2017-01-16l0oL035-251r2017-01-16 00:00:00w2017-01-16yBKz(data import: 16 gennaio 2017) - By Epidotti, Vaglietti.